[Event "10th LCC FIDE Open 2018"]
[Site "London"]
[Date "2018.12.10"]
[Round "3"]
[White "Gormally, Daniel W"]
[Black "Van Zyl-Rudd, Jack"]
[Result "1/2-1/2"]
[WhiteElo "2478"]
[BlackElo "2306"]
[Annotator "TA"]
[PlyCount "50"]
[EventDate "2018.12.09"]
[EventType "swiss"]
[EventCountry "ENG"]
[SourceTitle "playchess.com"]
[Source "ChessBase"]
[SourceQuality "1"]

{[%evp 18,50,36,29,67,6,14,12,12,20,6,16,34,33,41,8,34,11,35,-15,-20,-43,-44,-54,-45,-47,-48,-28,-17,-45,-42,-51,-51,-53,-28]} 1. d4 d5 2. c4 e6 3. Nf3 Nf6 4. g3 Be7 5. Bg2 O-O 6. Nbd2 c5 7. cxd5 {E06: Closed Catalan: Early deviations} Nxd5 8. dxc5 Bxc5 9. O-O Nc6 10. a3 {LiveBook: 7 Games} (10. Nb3 Bb6 11. Bg5 f6 12. Bd2 Qe7 13. e4 Nc7 14. e5 fxe5 15. Qe2 Nd4 16. Nbxd4 exd4 {1-0 (66) Caruana,F (2791)-Agdestein,S (2628) Flor & Fjaere 2014}) 10... b6 11. Qc2 $146 ({White should try} 11. b4 $14 Be7 12. Bb2) ({Predecessor:} 11. e4 Nf6 12. b4 Be7 13. Qe2 Nd4 14. Nxd4 Qxd4 15. Nb3 Qc3 16. Qa2 Bb7 {½-½ (16) Schulenburg,T (2176)-Wolf,C (2193) Germany 2018}) 11... Bb7 12. e4 Nf6 13. e5 Nd5 14. Ne4 Be7 15. Neg5 {[%csl Gg5][%cal Rc2h7] [#]} g6 16. h4 {[%cal Bh2h4,Bh4h5][%mdl 32]} Qc7 17. Re1 Rac8 (17... Na5 $5 {[%cal Rc7c2]} 18. Qxc7 Nxc7 $11) 18. Qd2 Rfd8 $1 {With the idea ...Ndb4.} 19. h5 Ndb4 $1 20. Qf4 Bxg5 $1 21. Nxg5 Nd3 {[%mdl 64] [#] Double Attack} 22. Qf6 $1 {h6! would kill now.} Qe7 {And now ...Qxf6 would win.} ({And not} 22... Nxe1 23. h6 Nf3+ 24. Bxf3 Rd1+ 25. Kh2 Kf8 26. Qg7+ Ke8 27. Bxc6+ Qd7 28. Qxf7+ {[%mdl 64] Double Attack, Pin} Kd8 29. Nxe6+ Qxe6 30. Bg5+ {[%mdl 64] Discovered Attack} Qf6 31. Bxf6#) 23. Qxe7 Nxe7 {Black is slightly better.} 24. Bxb7 {aiming for Rf1.} Nxe1 25. Bxc8 {Strongly threatening Ba6.} Rxc8 {Accuracy: White = 49%, Black = 66%.} 1/2-1/2

[Event "10th LCC FIDE Open 2018"]
[Site "London"]
[Date "2018.12.10"]
[Round "3"]
[White "Gumularz, Szymon"]
[Black "Abbas, Daniel"]
[Result "1-0"]
[WhiteElo "2462"]
[BlackElo "2280"]
[Annotator "TA"]
[PlyCount "73"]
[EventDate "2018.12.09"]
[EventType "swiss"]
[EventCountry "ENG"]
[SourceTitle "playchess.com"]
[Source "ChessBase"]
[SourceQuality "1"]

{[%evp 21,73,33,38,17,48,27,29,45,33,20,18,2,8,10,21,9,29,10,11,6,28,25,51,10,20,10,12,12,30,42,29,27,59,52,139,131,166,161,164,155,189,183,197,195,172,178,461,459,592,592,581,588,574,559]} 1. d4 Nf6 2. c4 e6 3. Nc3 Bb4 4. e3 b6 5. Bd3 Bb7 6. Nf3 Ne4 7. O-O Bxc3 8. bxc3 f5 9. Ne1 O-O 10. f3 Nd6 11. Qe2 c5 12. Nc2 {E43: Nimzo-Indian: Rubinstein: 4...b6} (12. e4 fxe4 13. fxe4 Rxf1+ 14. Kxf1 e5 15. Nf3 cxd4 16. cxd4 Nf7 17. c5 exd4 18. Bc4 Nc6 19. Bxf7+ Kxf7 {0-1 (80) Buckley,G (2285)-Kosashvili,Y (2475) Guildford 1991}) 12... Qe7 13. Ba3 Na6 14. e4 {White has an edge.} fxe4 15. fxe4 e5 16. Rae1 Rxf1+ 17. Rxf1 Re8 18. d5 Rf8 19. Rb1 $146 Nc7 20. Bc1 Ba6 21. Ne3 Nce8 22. Bd2 Nf6 23. Nf1 Qf7 24. Ng3 Ng4 {Threatening ...Qf2+.} 25. Rf1 ({Much weaker is} 25. Qxg4 Qf2+ 26. Kh1 Qxd2 $15) 25... Nf6 26. a4 Qg6 27. a5 Nfe8 {[#]} ({Black should play} 27... bxa5 $14 28. Bc1 Qe8) 28. Ra1 $1 $16 {Strongly threatening axb6.} Nc7 29. axb6 axb6 30. Rb1 $36 {[%mdl 2048] White is on the roll.} Rb8 {[#]} 31. Be3 $1 Rb7 32. Nf5 Nxf5 33. exf5 Qf7 $2 (33... Qf6 34. g4 h6) 34. d6 $18 {White is clearly winning.} Ne8 35. Qa2 Ra7 36. Rxb6 e4 37. Bf1 {Precision: White = 66%, Black = 42%.} ({Weaker is} 37. Rxa6 Rxa6 38. Qxa6 exd3 $16) 1-0

[Event "10th LCC FIDE Open 2018"]
[Site "London"]
[Date "2018.12.10"]
[Round "3"]
[White "Flear, Glenn C"]
[Black "Merriman, John"]
[Result "1-0"]
[WhiteElo "2451"]
[BlackElo "2261"]
[Annotator "TA"]
[PlyCount "105"]
[EventDate "2018.12.09"]
[EventType "swiss"]
[EventCountry "ENG"]
[SourceTitle "playchess.com"]
[Source "ChessBase"]
[SourceQuality "1"]

{[%evp 13,105,0,14,-4,-4,-20,10,-9,-9,-8,31,11,21,19,16,12,20,13,42,41,47,6,6,6,20,19,30,1,13,15,18,25,13,22,8,8,13,9,12,7,0,0,22,23,29,17,70,70,86,73,73,70,93,75,75,70,75,75,75,75,75,75,297,324,354,348,332,233,479,391,451,418,373,358,685,609,1149,1038,1179,1143,1085,804,1100,1059,996,953,824,806,5099,12540,5180,5180,29985,309]} 1. d4 e6 2. c4 Nf6 3. Nc3 Bb4 4. e3 O-O 5. Nge2 d5 6. a3 Be7 7. Nf4 b6 {LiveBook: 37 Games} 8. b4 {E46: Nimzo-Indian: Rubinstein: 4 e3 0-0 5 Ne2 without early Bd3} (8. Be2 Bb7 9. cxd5 exd5 10. b4 Bd6 11. O-O Re8 12. Nh5 Nbd7 13. b5 Nxh5 14. Bxh5 Re6 15. Bg4 Rh6 {½-½ (28) Hernandez Carmenates,H (2510)-Sevian,S (2601) Philadelphia 2017}) 8... c6 9. Bb2 Re8 $146 ({Predecessor:} 9... a5 10. b5 Bb7 11. cxd5 exd5 12. Be2 Bd6 13. O-O Nbd7 14. bxc6 Bxc6 15. Nb5 Bxf4 16. exf4 {0-1 (47) Labin,S (2210)-Vonthron,H (2355) Germany 1996}) 10. Bd3 {The position is equal.} Bd6 11. Nh5 Nxh5 12. Qxh5 g6 13. Qe2 Nd7 14. O-O Bb7 15. Rfd1 Qh4 16. g3 Qh3 17. Qf1 (17. Qf3 {seems wilder.} f5 18. cxd5 exd5 19. b5 Nf6 20. bxc6 Bxc6 21. Rdc1) 17... Qxf1+ 18. Kxf1 f5 19. b5 Nf6 20. a4 Bb4 21. bxc6 Bxc6 22. cxd5 Nxd5 23. Nxd5 Bxd5 24. Ba6 Re7 25. Rdc1 Kf7 26. Ba3 Bxa3 27. Rxa3 Bb7 28. Bxb7 Rxb7 $11 {[%mdl 4096] Endgame KRR-KRR} 29. a5 bxa5 ({Black should play} 29... Rd8 $11) 30. Rxa5 $14 Rd8 31. Rc6 Rdd7 32. Kg2 Rbc7 33. Rxc7 (33. Rca6 {with more complications.} Rb7 34. h3 Kf6 35. Kf3 Rb3 36. d5) 33... Rxc7 $16 {KR-KR} 34. h4 {[%cal Bh2h4,Bh4g5][%mdl 32]} Rd7 35. Ra6 Rb7 36. Kf3 h6 37. g4 Rd7 $2 (37... fxg4+ $16 38. Kxg4 Rd7) 38. g5 $1 $18 hxg5 39. hxg5 Ke7 40. Kf4 Kf7 $2 (40... Rb7 {was worth a try.} 41. f3 Rd7) 41. Ra5 $1 {[%cal Ra5a6]} Ke7 {[#]} 42. Ke5 $1 Rb7 {[#]} 43. f3 $1 Rd7 $2 (43... Kf7 44. e4 fxe4) 44. e4 fxe4 45. fxe4 Kf7 46. Ra1 Rb7 47. Rf1+ Ke7 48. Rf6 Rb5+ 49. d5 exd5 50. exd5 {[%cal Be4d5,Bd5d6][%mdl 32]} Rb6 51. d6+ Kd7 52. Rf7+ Kc6 53. Rc7+ {Accuracy: White = 69%, Black = 39%.} 1-0

[Event "10th LCC FIDE Open 2018"]
[Site "London"]
[Date "2018.12.10"]
[Round "3"]
[White "Elsness, Frode"]
[Black "Semprun Martinez, Fernando"]
[Result "1-0"]
[WhiteElo "2447"]
[BlackElo "2091"]
[Annotator "TA"]
[PlyCount "137"]
[EventDate "2018.12.09"]
[EventType "swiss"]
[EventCountry "ENG"]
[SourceTitle "playchess.com"]
[Source "ChessBase"]
[SourceQuality "1"]

{[%evp 37,137,31,58,4,8,12,44,52,102,14,53,53,43,43,60,69,95,105,93,78,137,52,46,44,41,50,62,10,64,0,0,0,0,0,0,0,0,0,0,0,0,0,0,-4,0,0,0,0,0,0,0,0,0,-1,0,0,0,0,0,0,0,0,0,0,0,0,0,0,0,0,0,0,0,0,0,0,0,0,6,2,8,8,9,8,9,8,171,171,164,164,285,285,278,278,276,263,320,295,295,295,2550,2494]} 1. c4 c5 2. Nf3 Nc6 3. d4 cxd4 4. Nxd4 g6 5. e4 Nf6 6. Nc3 d6 7. f3 Nxd4 8. Qxd4 Bg7 9. Be3 O-O 10. Qd2 Be6 11. Rc1 Qa5 12. Be2 Rfc8 13. b3 a6 14. Na4 Qxd2+ 15. Kxd2 Nd7 16. g4 f5 17. exf5 {B36: Sicilian: Maroczy Bind: Gurgenidze System} (17. gxf5 gxf5 18. Rhg1 Kh8 19. Bd3 f4 20. Bf2 Bf6 21. Nb6 Nxb6 22. Bxb6 Rg8 23. a4 Rxg1 24. Rxg1 a5 {½-½ (75) Malakhov,V (2686)-Guseinov,G (2646) Riadh 2017}) 17... gxf5 18. h3 Rc7 19. Rhg1 Rf8 {LiveBook: 4 Games} 20. Nc3 (20. f4 $14) 20... f4 $146 ({Predecessor:} 20... Ne5 21. f4 Ng6 22. g5 Bf7 23. Nd5 Rd7 24. Bd3 {1-0 (37) Sadzikowski,D (2510)-Stachanczyk,J (2258) London 2015}) 21. Bf2 Be5 22. Bd3 Kg7 23. Ne2 (23. Nd5 $16 Bxd5 24. cxd5) 23... Bg8 24. Nd4 e6 25. h4 Rfc8 26. h5 Bxd4 27. Bxd4+ e5 28. Bb2 d5 (28... b5 $142) 29. h6+ (29. cxd5 $16 Bxd5 30. Bf5 Rxc1 31. Rxc1 Rxc1 32. Kxc1) 29... Kxh6 $14 {[%cal Rd5c4]} 30. cxd5 Rxc1 31. Bxc1 Nc5 32. g5+ (32. Be4 $14) 32... Kg7 (32... Kh5 $11) 33. Bb2 (33. d6 $1 $14) 33... Nxd3 $11 34. Kxd3 Bxd5 35. Bxe5+ {[%mdl 4096] Endgame KRB-KRB} Kg6 36. Bxf4 Bxf3 37. Re1 Kf5 38. Bd2 Rd8+ 39. Kc3 Be4 40. Rf1+ Ke5 {[#] White must now prevent ...Rd3+.} 41. Bf4+ Ke6 42. Kb4 Rd5 43. Be3 Rb5+ 44. Kc4 Rf5 45. Re1 Bd5+ 46. Kd4 Re5 47. Rf1 Re4+ 48. Kd3 Rg4 49. Rf8 Be4+ 50. Kc3 Bc6 51. Bf4 Kd5 52. Rd8+ Ke6 53. Rd6+ Ke7 54. Rf6 Rh4 55. Kd3 Rh1 56. Kd4 Rd1+ 57. Kc5 Ra1 58. Kb6 {[#] Strongly threatening Kc7.} Rd1 ({Weaker is} 58... Rxa2 59. Kc7 Rd2 60. Bxd2 a5 61. Bxa5 Bg2 62. Bb4+ Ke8 63. Rf8#) 59. Be3 Rd5 60. Bc5+ Kd7 61. Rf7+ Ke8 $2 (61... Ke6 $11 62. Re7+ (62. Rxh7 Rxg5 63. Rh6+ Kd5 $11) 62... Kf5) 62. Re7+ $18 ({Not} 62. Rxh7 Rxg5 63. Bd6 Rg6 $11) 62... Kd8 {Threatens to win with ...Rxc5!} 63. Rxh7 {aiming for g6.} Rd2 (63... Re5 $142 64. g6 Re6) 64. g6 {[%cal Bg5g6,Bg6g7][%mdl 32]} Rg2 65. g7 Bd5 66. Bd4 Ke8 67. Rh5 Rg6+ 68. Kc7 Bg2 $2 (68... Be6 69. Rh8+ Ke7 70. Kxb7 Bd5+ 71. Kc7 Rc6+ 72. Kb8 Rg6) 69. Rh8+ {Accuracy: White = 60%, Black = 49%.} 1-0

[Event "10th LCC FIDE Open 2018"]
[Site "London"]
[Date "2018.12.10"]
[Round "3"]
[White "Hebden, Mark L"]
[Black "Bukojemski, Adam"]
[Result "1-0"]
[WhiteElo "2425"]
[BlackElo "2218"]
[Annotator "TA"]
[PlyCount "49"]
[EventDate "2018.12.09"]
[EventType "swiss"]
[EventCountry "ENG"]
[SourceTitle "playchess.com"]
[Source "ChessBase"]
[SourceQuality "1"]

{[%evp 16,49,-2,-12,31,6,6,6,56,54,54,48,48,51,64,62,96,55,64,47,58,24,33,13,28,7,87,83,87,-62,29991,29992,29996,29997,29998,-1883]} 1. d4 Nf6 2. Nf3 g6 3. Nc3 d5 4. Bf4 Bg7 5. Qd2 O-O 6. Bh6 Ne4 {D00: 1 d4 d5: Unusual lines} 7. Qe3 Nxc3 8. Bxg7 Kxg7 9. Qxc3 {LiveBook: 3 Games} Bg4 $146 ({Predecessor:} 9... Bf5 10. e3 Qd6 11. O-O-O Nd7 12. Nh4 Be6 13. f4 f5 14. h3 {1-0 (57) Jones,G (2665)-Tari,A (2584) Wijk aan Zee 2017}) 10. Ne5 Be6 11. h4 {[%cal Bh2h4,Bh4h5][%mdl 32]} (11. O-O-O {with more complications.} Nd7 12. Nd3 Bf5 13. e3 h5 14. f3) 11... Nd7 (11... h5 {is more complex.} 12. O-O-O Nd7 13. Nd3 Bf5 14. e3 c6) 12. Nxd7 Qxd7 13. h5 f6 14. e3 c5 15. dxc5 Rfc8 16. hxg6 hxg6 17. Bd3 Qc7 18. Qd4 Qxc5 19. O-O-O Bf7 20. Rh4 e5 (20... Qxd4 $11 21. exd4 Rh8) 21. Qg4 $16 e4 {[#]} 22. Qf4 (22. Rdh1 $1 $16 {White wants to mate with Rh7+.} exd3 23. Rh7+ Kf8 24. c3 {[%mdl 64] Decoy}) 22... g5 $2 {[%mdl 8192] [#]} (22... Rh8 $15 23. Rxh8 Rxh8) 23. Rh7+ $1 {[%mdl 512] White mates.} Kg6 {[#]} (23... Kxh7 24. Qxf6) 24. Rh6+ $1 {[%mdl 512]} Kg7 (24... Kxh6 25. Qxf6+) 25. Rh4 $4 {[%mdl 40960] Accuracy: White = 40%, Black = 22%. . Loss on time!?} (25. Qxf6+ {is the narrow road to win.} Kg8 26. Rh8#) 1-0

[Event "10th LCC FIDE Open 2018"]
[Site "London"]
[Date "2018.12.10"]
[Round "3"]
[White "Piesik, Piotr"]
[Black "McClement, Andrew"]
[Result "1-0"]
[WhiteElo "2404"]
[BlackElo "2182"]
[Annotator "TA"]
[PlyCount "117"]
[EventDate "2018.12.09"]
[EventType "swiss"]
[EventCountry "ENG"]
[SourceTitle "playchess.com"]
[Source "ChessBase"]
[SourceQuality "1"]

{[%evp 21,117,21,32,36,176,171,179,164,156,158,158,167,195,96,111,106,251,244,279,303,293,291,278,266,491,488,475,442,566,376,412,306,294,288,286,288,291,269,267,247,263,266,267,231,259,250,283,281,346,345,368,370,360,347,340,341,408,389,389,389,468,440,399,0,417,404,430,383,395,395,439,439,454,449,439,310,309,304,282,243,456,456,918,976,668,486,1043,1043,871,878,29978,29979,29978,29979,29987,29988,29988,29989]} 1. Nf3 Nf6 2. g3 e6 3. Bg2 c5 4. O-O Nc6 5. c4 Be7 6. d4 cxd4 7. Nxd4 a6 8. Nc3 Qc7 {A34: Symmetrical English: 2 Nc3, lines with ...d5} 9. Nb3 (9. Be3 Ng4 10. Bf4 e5 11. Nd5 Qd8 12. Nxc6 dxc6 13. Nxe7 Qxe7 {0-1 (35) Buhmann,R (2609)-Lubbe,N (2500) Karlsruhe 2017}) 9... O-O 10. Bf4 d6 11. Rc1 Ne5 {LiveBook: 4 Games} 12. c5 $146 d5 ({Black should try} 12... dxc5 $14 13. Nxc5 Qxc5) 13. Qd4 $18 Nfg4 14. h3 g5 15. hxg4 gxf4 16. Qxf4 ({Not} 16. gxf4 Nxg4 17. Bf3 Nh6 $11) 16... f5 17. Bxd5 (17. gxf5 $18 {Nd4 is the strong threat.} Rxf5 18. Qd2) 17... fxg4 $16 {[#]} 18. Qe3 $1 $36 {[%mdl 2048] White is in control.} Rf5 {[#]} (18... h6 $16 {might work better.}) 19. Nd4 $1 $18 {[%cal Rd4f5]} Bg5 20. Nxe6 Bxe6 21. Bxe6+ Kh8 22. Qe4 Bxc1 $2 (22... Rff8) 23. Bxf5 ({Less strong is} 23. Qxf5 Bxb2 24. Ne4 Qg7 $18) 23... Bxb2 24. Na4 Re8 {Threatens to win with ...Nf3+!} 25. Bxg4 Ba3 26. Rb1 Qc6 27. Qxc6 bxc6 28. Bf5 Rf8 29. Be4 Nd7 30. Rb7 Nxc5 31. Nxc5 Bxc5 32. Rxh7+ {[%mdl 4096] Endgame KRB-KRB} Kg8 33. e3 Rd8 34. Rh5 Bb4 35. Bxc6 Rd1+ 36. Kg2 Kg7 37. Ba4 Rd2 38. Bb3 Rb2 39. Rf5 Kg6 40. g4 Bd2 41. Kg3 Be1 42. Kg2 $2 (42. e4 $18) 42... a5 $2 {[%mdl 8192]} (42... Bd2 $1 $11 {and Black is okay.} 43. e4 Bc3) 43. Kf1 Bb4 44. Bf7+ Kg7 45. a4 Rc2 46. Kg2 Be1 47. Be8 Rc4 48. Kf3 Rc2 49. Kg3 Rc8 50. Bb5 Kg6 $2 (50... Rf8 51. Rg5+ Kh6 52. Rh5+ Kg7) 51. Rd5 Kf6 (51... Rf8 $142 52. Bd3+ Kg7) 52. g5+ {[%cal Bg4g5,Bg5g6,Bg6g7][%mdl 32]} Kg7 53. Bd3 Rb8 (53... Re8 $142 54. Kf3 Bc3) 54. Rd7+ Kf8 55. g6 {g7+ would kill now.} Rb4 56. g7+ {White mates.} Kg8 57. Bf5 Bxf2+ 58. Kf3 Rb6 59. Be4 {Accuracy: White = 79%, Black = 26%.} 1-0

[Event "10th LCC FIDE Open 2018"]
[Site "London"]
[Date "2018.12.10"]
[Round "3"]
[White "Eggleston, David J"]
[Black "Keetman, Maaike"]
[Result "1-0"]
[WhiteElo "2397"]
[BlackElo "2173"]
[Annotator "RC"]
[PlyCount "63"]
[EventDate "2018.12.09"]
[EventType "swiss"]
[EventCountry "ENG"]
[SourceTitle "playchess.com"]
[Source "ChessBase"]
[SourceQuality "1"]
[TimeControl "40/5400+30:1800+30"]

1. e4 {[%emt 0:00:00]} c5 {[%emt 0:00:00]} 2. Nf3 {[%emt 0:00:00]} e6 {[%emt 0:00:00]} 3. d4 {[%emt 0:00:00]} cxd4 {[%emt 0:00:00]} 4. Nxd4 {[%emt 0:00:00]} Nc6 {[%emt 0:00:00]} 5. Nc3 {[%emt 0:00:00]} Qc7 {[%emt 0:00:00]} 6. Be3 {[%emt 0:00:00]} a6 {[%emt 0:00:02]} 7. Qd2 {[%emt 0:00:05]} Nf6 {[%emt 0:00:22]} 8. O-O-O {[%emt 0:00:10]} Be7 {[%emt 0:00:09]} 9. f3 {[%emt 0:00:05]} b5 {[%emt 0:00:09]} 10. g4 {[%emt 0:00:08]} Nxd4 {[%emt 0:00:29]} 11. Qxd4 {[%emt 0:00:08]} Bb7 {[%emt 0:00:07]} 12. g5 {[%emt 0:00:11]} Nh5 {[%emt 0:00:08]} 13. Kb1 {[%emt 0:00:07]} Rc8 {[%emt 0:00:45]} 14. Qd2 {[%emt 0:00:20]} g6 {[%emt 0:05:03]} 15. Bh3 {[%emt 0:04:19]} b4 {[%emt 0:05:40]} 16. Ne2 {[%emt 0:01:33]} d5 {[%emt 0:14:30]} 17. e5 {[%emt 0:07:00]} O-O {[%emt 0:06:04]} 18. Bg4 {[%emt 0:03:42]} Ng7 {[%emt 0:04:42]} 19. h4 {[%emt 0:00:58]} a5 {[%emt 0:10:33]} 20. h5 {[%emt 0:07:20]} Nf5 {[%emt 0:06:50]} 21. Bxf5 {[%emt 0:02:19]} exf5 {[%emt 0:00:14]} 22. hxg6 {[%emt 0:01:22]} fxg6 {[%emt 0:00:33]} 23. Nd4 {[%emt 0:06:08]} Bc5 {[%emt 0:04:48]} 24. f4 {[%emt 0:03:43]} Rfe8 {[%emt 0:04:04]} 25. Nb5 {[%emt 0:04:56]} Qb6 {[%emt 0:01:56]} 26. Bxc5 {[%emt 0:02:58]} Qxb5 {[%emt 0:01:26]} 27. Rxh7 {[%emt 0:07:47]} Kxh7 {[%emt 0:01:02]} 28. Qh2+ {[%emt 0:00:15]} Kg7 {[%emt 0:01:12]} 29. Qh6+ {[%emt 0:00:07]} Kf7 {[%emt 0:00:05]} 30. Qh7+ {[%emt 0:00:10]} Ke6 {[%emt 0:00:04]} 31. Qxg6+ {[%emt 0:00:06]} Kd7 {[%emt 0:00:03]} 32. Qd6# {[%emt 0:00:07]} 1-0

[Event "10th LCC FIDE Open 2018"]
[Site "London"]
[Date "2018.12.10"]
[Round "3"]
[White "Lewtak, Damian"]
[Black "Czopor, Maciej"]
[Result "1-0"]
[WhiteElo "2393"]
[BlackElo "2164"]
[Annotator "TA"]
[PlyCount "59"]
[EventDate "2018.12.09"]
[EventType "swiss"]
[EventCountry "ENG"]
[SourceTitle "playchess.com"]
[Source "ChessBase"]
[SourceQuality "1"]

{[%evp 21,59,41,49,44,47,50,73,79,70,79,160,162,168,151,155,155,152,106,118,107,112,108,140,117,118,130,137,137,139,146,115,139,131,127,647,629,29994,29991,29995,29996]} 1. c4 Nf6 2. Nc3 e6 3. e4 d5 4. exd5 exd5 5. d4 Be7 6. Nf3 O-O 7. Be2 dxc4 {C01: French: Exchange Variation} 8. Bxc4 Nbd7 9. O-O Nb6 10. Bb3 Bg4 {[%cal Bc8g4,Bg4h5,Bh5g6][%mdl 32]} 11. h3 Bh5 {LiveBook: 7 Games} 12. g4 Bg6 13. Ne5 c5 14. dxc5 Bxc5 15. Qf3 {[#]} Qe7 $146 (15... a5 $142) ({Predecessor:} 15... Bd4 16. Nxg6 hxg6 17. Rd1 {1-0 (45) Vlassov,N (2466)-Malakhatko,V (2529) bereg.ru Int 2003}) 16. Bf4 {[#] Threatens to win with Rae1.} Bd4 17. Nxg6 hxg6 18. Rfe1 Qb4 19. Be5 Bxe5 20. Rxe5 Rad8 21. Rae1 Nc4 22. Qf4 Nxe5 23. Qxb4 Nd3 24. Qe7 Rde8 25. Bxf7+ Rxf7 26. Qxe8+ $1 Nxe8 27. Rxe8+ Kh7 $2 {[%mdl 8192]} (27... Rf8 $16 28. Re2 Nf4) 28. Ne4 $18 {[#] Ng5+ would kill now.} Rc7 29. Ng5+ Kh6 30. h4 {Accuracy: White = 97%, Black = 21%.} 1-0

[Event "10th LCC FIDE Open 2018"]
[Site "London"]
[Date "2018.12.10"]
[Round "3"]
[White "D`Costa, Lorin A R"]
[Black "Georgescu, Lena"]
[Result "1-0"]
[WhiteElo "2390"]
[BlackElo "2162"]
[Annotator "TA"]
[PlyCount "121"]
[EventDate "2018.12.09"]
[EventType "swiss"]
[EventCountry "ENG"]
[SourceTitle "playchess.com"]
[Source "ChessBase"]
[SourceQuality "1"]

{[%evp 21,121,19,37,21,47,46,45,34,24,-18,16,0,4,0,19,14,19,0,0,0,0,0,6,6,22,11,122,120,97,112,107,93,116,70,68,62,65,71,73,80,71,0,0,0,35,30,197,191,29986,29987,29987,29988,29988,29989,29989,29990,29990,29989,29989,29990,29990,29991,29991,29984,29991,12717,5635,669,689,657,772,655,782,764,916,907,838,896,877,793,4790,4823,7066,5916,6736,6625,5596,5941,29979,29980,29992,29991,29991,29986,29992,29993,29993,29994,29994,29995,29997,859]} 1. Nf3 Nf6 2. g3 d5 3. Bg2 c6 4. O-O Bg4 5. c4 e6 6. cxd5 exd5 7. Qb3 {A11: English Opening: 1...c6} Qb6 8. Qc2 Nbd7 9. d3 Bd6 (9... Be7 10. e4 O-O 11. Nc3 dxe4 12. dxe4 Qa5 13. h3 Bxf3 14. Bxf3 Rad8 {1-0 (53) Mchedlishvili,M (2601)-Tomashevsky,E (2716) Doha 2016}) 10. Nc3 O-O 11. e4 Rfe8 {LiveBook: 9 Games} 12. Be3 Qd8 13. Nd4 $146 ({Predecessor:} 13. h3 Bxf3 14. Bxf3 dxe4 15. dxe4 {1-0 (77) Schebler,G (2495)-Dittmar,P (2358) Schwaebisch Gmuend 2005}) 13... Nb6 14. h3 Bh5 15. Nf5 Bf8 16. g4 Bg6 17. Bg5 h6 18. Bh4 Bxf5 19. gxf5 Be7 20. f4 Nh5 $1 21. Bxe7 Qxe7 22. Qf2 dxe4 23. dxe4 {[%cal Bd3e4,Be4e5][%mdl 32]} Nf6 {[#]} (23... Rad8 $11) 24. a4 $1 $16 {[%cal Ba2a4,Ba4a5][%mdl 32]} Red8 25. a5 Nc4 26. e5 Ne8 27. Ne4 {b3 is the strong threat.} Qb4 $1 28. f6 $36 {[%mdl 2048] White fights for an advantage.} Qxb2 29. Qg3 Nd2 30. Nxd2 Rxd2 31. fxg7 ({White should try} 31. Rab1 $16 Qd4+ 32. Kh1) 31... Nxg7 $11 {Threatens to win with ...Kh8.} 32. Rab1 Qd4+ 33. Kh1 b6 $2 (33... Rb8 $11 {and Black stays safe.}) 34. Bxc6 $18 {Strongly threatening Rg1.} Rd8 $2 (34... Rd3 $18 35. Bf3 Kh7) 35. Rg1 {[%csl Gg1][%cal Rg3g7]} Kf8 36. Qxg7+ {[%mdl 64] Double Attack} Ke7 37. Qf6+ Kf8 38. Qxh6+ Ke7 39. Qf6+ Kf8 40. Qh8+ Ke7 41. Qh4+ Kf8 42. axb6 axb6 {[#]} 43. Rb3 (43. e6 $142 $1 fxe6 44. Qh7 Rh2+ {[%mdl 64] Decoy} 45. Kxh2 Qxf4+ 46. Kh1 Qf7 47. Rgf1 Rd7 48. Rbd1 e5 49. Bxd7 Qf4 50. Rc1 Qxf1+ 51. Rxf1#) 43... Qf2 44. Qxf2 Rxf2 45. Rb4 Rd3 {[%cal Rd3h3]} 46. Bg2 Rdd2 47. Kh2 Rf3 48. h4 Kg7 49. Kh1 Rff2 50. Bb7+ Kh8 51. Rg2 Rd1+ 52. Kh2 $1 Rff1 53. Rxb6 {[%cal Rb6h6]} Rh1+ 54. Kg3 Rhf1 55. Kg4 {White mates.} f5+ 56. Kh5 {[%cal Rb6h6]} Rd7 57. Rh6+ Rh7 58. Bd5 {[%csl Gd5][%cal Rg2g8]} Rxh6+ 59. Kxh6 {[%csl Gd5][%cal Rg2g8]} Rg1 60. Rg5 Rxg5 61. fxg5 {Accuracy: White = 77%, Black = 38%.} 1-0

[Event "10th LCC FIDE Open 2018"]
[Site "London"]
[Date "2018.12.10"]
[Round "3"]
[White "Lacasa Diaz, Jose Antonio"]
[Black "Lindholm, Jere"]
[Result "1-0"]
[WhiteElo "2389"]
[BlackElo "2130"]
[Annotator "TA"]
[PlyCount "35"]
[EventDate "2018.12.09"]
[EventType "swiss"]
[EventCountry "ENG"]
[SourceTitle "playchess.com"]
[Source "ChessBase"]
[SourceQuality "1"]

{[%evp 9,35,13,52,44,48,41,80,79,113,114,108,109,77,67,341,345,333,224,222,216,210,181,587,561,589,575,668,672]} 1. d4 Nf6 2. Bf4 d5 3. e3 c5 4. dxc5 (4. Nd2 Nc6 5. Ngf3 e6 6. c3 Be7 7. Ne5 O-O 8. Bd3 Bd6 9. Ndf3 Qc7 10. h4 Ne4 11. Qc2 f6 12. Nxc6 Bxf4 13. exf4 Qxc6 14. dxc5 f5 15. b4 Qc7 16. Ne5 {0-1 (34) Wei,Y (2729)-So,W (2780) chess.com INT 2018}) 4... Qa5+ 5. Nc3 Qxc5 {LiveBook: 3 Games} 6. Nb5 {And now Nc7+ would win. D00: 1 d4 d5: Unusual lines} Na6 $1 7. c3 Bg4 $146 ({Predecessor:} 7... e6 8. b4 Qb6 9. Be2 Be7 10. h3 Ne4 11. Nf3 O-O {0-1 (29) Primbetov,K (2321)-Pakhomov,E (2464) Astana 2017}) 8. Nf3 {White is better.} Nd7 {and if ...e5 works, Black does fine.} 9. h3 Bh5 10. g4 Bg6 11. Ne5 $36 {[%mdl 2048] White is pushing.} Nb6 $2 {[%mdl 8192]} ({Black should try} 11... Nxe5 $14 12. Bxe5 f6) 12. b4 $18 Qc8 13. a4 {[%cal Ba2a4,Ba4a5][%mdl 32]} e6 14. a5 Nd7 {[#]} 15. Qa4 $1 Nxb4 $2 (15... Kd8 16. Nxg6 hxg6) 16. Nxg6 {Hoping for Nc7+.White is clearly winning.} hxg6 17. cxb4 e5 {[#]} 18. Bxe5 $1 {[%mdl 512] Accuracy: White = 94%, Black = 20%.} 1-0